000 00481nam a2200217Ia 4500
001 114701
003 YMCAF
005 20230512162533.0
008 100717s2007 ||||||||||||||||| ||und|d
024 _a114701
035 _aWB5688
040 _aYMCAF
_beng
_cIN-KoLT
041 _aeng
082 _a658.401
_b3 GRY
100 _aGryna, Frank M
245 0 _aJurans quality planning and analysis
250 _a5th
260 _bTMH
_c2007
300 _a774
942 _2ddc
_cBK
999 _c12278
_d12278